000 00518nam a2200145 a 4500
008 120416s1975 ||||||||||||||||| || u
050 _aTK 7874 Ham
100 _aHamilton, Douglas J
245 1 0 _aBasic integrated circuit engineering
250 _aInternatio
260 _aTokyo
_bMcGraw-Hill, Kogakusha
_c1975
300 _axvi, 587p. : ill.
350 _a0.00
995 _D0.00
_FCBU-MAIN LIBRARY (Kitwe)
_H1
_I0.00
_UAVAILABLE
_ZMain Library Open Access Collection
999 _c35572
_d35572